[Event "POL-ch (Women)"]
[Site "Swieradow"]
[Date "1992.??.??"]
[Round "6"]
[White "Dabrowska, Krystyna"]
[Black "Lissowska, Anna"]
[Result "1-0"]
[WhiteElo "2220"]
[BlackElo "2235"]
[PlyCount "71"]
[EventDate "1992.??.??"]
[EventType "tourn"]
[EventRounds "13"]
[EventCountry "POL"]
[SourceTitle "EXT 2002"]
[Source "ChessBase"]
[SourceDate "2001.11.25"]
[SourceVersion "1"]
[SourceVersionDate "2001.11.25"]
[SourceQuality "1"]

1. e4 e6 2. d4 d5 3. Nd2 a6 4. Ngf3 c5 5. exd5 exd5 6. Be2 c4 7. b3 b5 8. 0-0 Bd6 9. Re1 Ne7 10. bxc4 bxc4 11. Ne5 0-0 12. Bf3 Ra7 13. Nf1 Kh8 14. c3 f6 15. Ng4 Qa5 16. Bd2 Rb7 17. Ng3 Nbc6 18. Qc2 Ng6 19. Ne3 Nce7 20. Ngf5 Nxf5 21. Nxf5 Ba3 22. Rab1 Rxb1 23. Qxb1 Rd8 24. g3 Bf8 25. Ne3 Ne7 26. Qb2 Kg8 27. Rb1 Nf5 28. Qb6 Qxb6 29. Rxb6 Nxe3 30. Bxe3 Kf7 31. h4 f5 32. Bf4 Rd7 33. Rb8 Rd8 34. Bc7 Re8 35. Bxd5+ Kg6 36. Rb6+ 1-0

[Event "POL-ch (Women)"]
[Site "Swieradow"]
[Date "1992.??.??"]
[Round "10"]
[White "Guzkowska, Magdalena"]
[Black "Lissowska, Anna"]
[Result "0-1"]
[WhiteElo "2065"]
[BlackElo "2235"]
[PlyCount "91"]
[EventDate "1992.??.??"]
[EventType "tourn"]
[EventRounds "13"]
[EventCountry "POL"]
[SourceTitle "EXT 2002"]
[Source "ChessBase"]
[SourceDate "2001.11.25"]
[SourceVersion "1"]
[SourceVersionDate "2001.11.25"]
[SourceQuality "1"]

1. c4 c6 2. Nc3 d5 3. d4 Nf6 4. Nf3 dxc4 5. e3 b5 6. Ne5 Bb7 7. Qf3 Qc7 8. Bd2 e6 9. a3 Bd6 10. Ng4 Nxg4 11. Qxg4 0-0 12. h4 Nd7 13. e4 f5 14. Qh3 a6 15. e5 Be7 16. Qg3 Kh8 17. Ne2 Rfd8 18. Nf4 Nf8 19. Bc3 c5 20. dxc5 Bxc5 21. Be2 Bd4 22. Nh3 Bxc3+ 23. bxc3 Be4 24. 0-0 Bd3 25. Bf3 Ra7 26. Rfe1 Nd7 27. a4 bxa4 28. Rxa4 Nc5 29. Ra2 a5 30. h5 a4 31. Nf4 Rb8 32. Qh4 Kg8 33. h6 Qe7 34. Qxe7 Rxe7 35. hxg7 Rxg7 36. Ne2 Be4 37. Bxe4 fxe4 38. Nd4 Rb6 39. Kh2 Rgb7 40. Ree2 Ra7 41. f3 exf3 42. gxf3 Nd3 43. Ra1 a3 44. Rg2+ Kh8 45. Rag1 Ra8 46. Nc2 0-1

[Event "POL-ch (Women)"]
[Site "Swieradow"]
[Date "1992.??.??"]
[Round "9"]
[White "Lissowska, Anna"]
[Black "Kaczorowska, Barbara"]
[Result "0-1"]
[WhiteElo "2235"]
[BlackElo "2175"]
[PlyCount "134"]
[EventDate "1992.??.??"]
[EventType "tourn"]
[EventRounds "13"]
[EventCountry "POL"]
[SourceTitle "EXT 2000"]
[Source "ChessBase"]
[SourceDate "1999.11.16"]
[SourceVersion "1"]
[SourceVersionDate "1999.11.16"]
[SourceQuality "1"]

1. d4 d5 2. c4 c6 3. Nf3 Nf6 4. cxd5 cxd5 5. Nc3 Nc6 6. Bf4 e6 7. e3 Nh5 8. Bg5 Qb6 9. Bb5 Bd7 10. 0-0 Bd6 11. e4 dxe4 12. Nxe4 Be7 13. Bxe7 Kxe7 14. Ba4 Nf4 15. Nc5 Rhd8 16. Re1 Kf8 17. Re4 Nd5 18. Rc1 Nf6 19. Rf4 Be8 20. Ng5 Ne7 21. Bxe8 Kxe8 22. Qa4+ Qc6 23. Qb3 b6 24. Nd3 Qd5 25. Ne5 Qxb3 26. axb3 Ng6 27. Rf3 Rxd4 28. Ngxf7 Nxe5 29. Nxe5 Rad8 30. h3 Rd1+ 31. Rxd1 Rxd1+ 32. Kh2 Rd2 33. Nc4 Rc2 34. Rd3 Rxf2 35. Nd6+ Kf8 36. Nc8 Nd5 37. Rf3+ Rxf3 38. gxf3 a6 39. Kg3 b5 40. f4 Ne7 41. Na7 Ke8 42. Kf3 Kd7 43. Ke4 Nc6 44. Nxc6 Kxc6 45. Ke5 Kd7 46. b4 Ke7 47. h4 g6 48. Kd4 Kd6 49. Kd3 h6 50. Ke3 e5 51. fxe5+ Ke6 52. Ke4 g5 53. h5 g4 54. Kf4 g3 55. Kxg3 Kxe5 56. Kg4 Ke4 57. b3 Ke5 58. Kf3 Kf5 59. Ke3 Kg5 60. Kd4 Kxh5 61. Kc5 Kg4 62. Kb6 h5 63. Kxa6 h4 64. Kxb5 h3 65. Ka6 h2 66. b5 h1Q 67. b6 Qa8+ 0-1

[Event "POL-ch (Women)"]
[Site "Swieradow"]
[Date "1992.??.??"]
[Round "1"]
[White "Lissowska, Anna"]
[Black "Sadkiewicz, Joanna"]
[Result "0-1"]
[WhiteElo "2235"]
[BlackElo "2185"]
[PlyCount "75"]
[EventDate "1992.??.??"]
[EventType "tourn"]
[EventRounds "13"]
[EventCountry "POL"]
[SourceTitle "EXT 2002"]
[Source "ChessBase"]
[SourceDate "2001.11.25"]
[SourceVersion "1"]
[SourceVersionDate "2001.11.25"]
[SourceQuality "1"]

1. d4 Nf6 2. c4 c5 3. d5 e6 4. Nc3 exd5 5. cxd5 d6 6. Nf3 g6 7. Nd2 Bg7 8. e4 0-0 9. Be2 Na6 10. 0-0 Nc7 11. a4 b6 12. Nc4 Ba6 13. f3 Re8 14. Bg5 h6 15. Bh4 g5 16. Bf2 Bxc4 17. Bxc4 a6 18. Qd2 Nd7 19. Nd1 b5 20. Be2 Qf6 21. Rb1 bxa4 22. Qa5 Nxd5 23. Bc4 Nf4 24. Ne3 Ne5 25. Rfd1 Nxg2 26. Kxg2 Qxf3+ 27. Kg1 Nxc4 28. Nxc4 Rxe4 29. Nxd6 Rg4+ 30. Kf1 Qg2+ 31. Ke2 Re8+ 32. Nxe8 Re4+ 33. Kd3 Qf3+ 34. Kc2 Rc4+ 35. Kd2 Qxf2+ 36. Kd3 Rd4+ 37. Kc3 Qe3+ 38. Kc2 0-1

[Event "POL-ch (Women)"]
[Site "Swieradow"]
[Date "1992.??.??"]
[Round "2"]
[White "Socko, Monika"]
[Black "Lissowska, Anna"]
[Result "1/2-1/2"]
[WhiteElo "2175"]
[BlackElo "2235"]
[PlyCount "82"]
[EventDate "1992.??.??"]
[EventType "tourn"]
[EventRounds "13"]
[EventCountry "POL"]
[SourceTitle "EXT 2000"]
[Source "ChessBase"]
[SourceDate "1999.11.16"]
[SourceVersion "1"]
[SourceVersionDate "1999.11.16"]
[SourceQuality "1"]

1. c4 Nf6 2. Nc3 c6 3. d4 d5 4. cxd5 cxd5 5. Nf3 Nc6 6. Bf4 Bf5 7. e3 e6 8. Bb5 Nd7 9. Ne5 Ncxe5 10. Bxe5 a6 11. Bxd7+ Qxd7 12. 0-0 f6 13. Bg3 Rc8 14. Rc1 b5 15. Ne2 Rxc1 16. Nxc1 Be7 17. Nb3 0-0 18. Nc5 Qa7 19. Qd2 Bxc5 20. dxc5 Qxc5 21. Rc1 Qb6 22. Rc7 e5 23. Qc1 d4 24. Rc6 Qd8 25. exd4 Qxd4 26. h3 a5 27. Kh2 Rd8 28. Rc7 Bd7 29. Qc2 g6 30. f3 Qd5 31. Be1 Be6 32. Rc5 Qd1 33. Qc3 Bc4 34. Qxa5 Qd6 35. Rc6 Qxc6 36. Qxd8+ Kf7 37. Bb4 Ke6 38. a3 Ba2 39. Qd3 f5 40. Bc3 Kf6 41. f4 Bd5 1/2-1/2

[Event "Warsaw Legion op"]
[Site "Warsaw"]
[Date "1991.??.??"]
[Round "1"]
[White "Ibragimov, Ildar"]
[Black "Lissowska, Anna"]
[Result "1-0"]
[WhiteElo "2455"]
[BlackElo "2195"]
[PlyCount "51"]
[EventDate "1991.??.??"]
[EventType "swiss"]
[EventRounds "11"]
[EventCountry "POL"]
[SourceTitle "EXT 1997"]
[Source "ChessBase"]
[SourceDate "1996.11.15"]
[SourceVersion "1"]
[SourceVersionDate "1996.11.15"]
[SourceQuality "1"]

1. d4 d5 2. c4 c6 3. Nf3 Nf6 4. Nc3 dxc4 5. a4 Bg4 6. Ne5 Bh5 7. h3 e6 8. g4 Bg6 9. Bg2 Nbd7 10. Nxc4 Bb4 11. 0-0 0-0 12. a5 Nd5 13. Qb3 Be7 14. Qxb7 Nb4 15. Bf4 Nf6 16. Rad1 Nfd5 17. Bh2 Bc2 18. Rc1 Bg6 19. e4 Nf6 20. Rfd1 Ne8 21. Na4 Bg5 22. Qxb4 Bxc1 23. Rxc1 Qxd4 24. Nc5 Nf6 25. Be5 Qd8 26. Bc3 1-0

[Event "POL-ch (Women)"]
[Site "Poland"]
[Date "1991.??.??"]
[Round "5"]
[White "Jagodzinska, Joanna"]
[Black "Lissowska, Anna"]
[Result "1/2-1/2"]
[WhiteElo "2165"]
[BlackElo "2195"]
[PlyCount "29"]
[EventDate "1991.??.??"]
[EventType "tourn"]
[EventRounds "13"]
[EventCountry "POL"]
[SourceTitle "EXT 1997"]
[Source "ChessBase"]
[SourceDate "1996.11.15"]
[SourceVersion "1"]
[SourceVersionDate "1996.11.15"]
[SourceQuality "1"]

1. e4 d5 2. exd5 Nf6 3. d4 Nxd5 4. Nf3 g6 5. c4 Nb6 6. Be2 Bg7 7. h3 Nc6 8. d5 Ne5 9. Nxe5 Bxe5 10. 0-0 0-0 11. Qb3 e6 12. Rd1 exd5 13. cxd5 Bf5 14. Bh6 Re8 15. Bb5 1/2-1/2

[Event "POL-ch (Women)"]
[Site "Poland"]
[Date "1991.??.??"]
[Round "8"]
[White "Lissowska, Anna"]
[Black "Bukowska, Katarzyna"]
[Result "1-0"]
[WhiteElo "2195"]
[BlackElo "2100"]
[PlyCount "115"]
[EventDate "1991.??.??"]
[EventType "tourn"]
[EventRounds "13"]
[EventCountry "POL"]
[SourceTitle "EXT 1997"]
[Source "ChessBase"]
[SourceDate "1996.11.15"]
[SourceVersion "1"]
[SourceVersionDate "1996.11.15"]
[SourceQuality "1"]

1. d4 d5 2. c4 e6 3. Nc3 Be7 4. Nf3 Nf6 5. cxd5 exd5 6. Bg5 c6 7. Qc2 g6 8. e3 Bf5 9. Qb3 Qb6 10. Qxb6 axb6 11. Ne5 Nbd7 12. Nd3 0-0 13. Be2 Rfe8 14. 0-0 Bf8 15. h3 Ne4 16. Nxe4 dxe4 17. Nc1 Be6 18. a3 b5 19. Na2 Nb6 20. Nc3 Bb3 21. f3 exf3 22. gxf3 Bg7 23. Ne4 h6 24. Bf6 Rxe4 25. fxe4 Nd7 26. Bxg7 Kxg7 27. Rf2 Nb6 28. Raf1 Rf8 29. Bd3 Na4 30. h4 h5 31. Kg2 Kh6 32. Bc2 Bc4 33. Rb1 Be6 34. Bd3 Bb3 35. Kg3 Kg7 36. Rc1 Re8 37. Rcf1 Nb6 38. Rc1 Nc4 39. Bxc4 Bxc4 40. Kf4 Bd3 41. e5 Ra8 42. e4 Bc4 43. Rd2 Rd8 44. a4 Ra8 45. axb5 Bxb5 46. b3 Ra3 47. Rb2 Ra6 48. d5 Ra8 49. d6 Rd8 50. Rd2 Rd7 51. e6 fxe6 52. Ke5 Kf7 53. Rf2+ Ke8 54. Kxe6 Bd3 55. Rf8+ Kxf8 56. Kxd7 Bxe4 57. Kc7 Bf5 58. Rf1 1-0

[Event "POL-ch (Women)"]
[Site "Poland"]
[Date "1991.??.??"]
[Round "10"]
[White "Lissowska, Anna"]
[Black "Sikora Gizynska, Bozena"]
[Result "1/2-1/2"]
[WhiteElo "2195"]
[BlackElo "2205"]
[PlyCount "45"]
[EventDate "1991.??.??"]
[EventType "tourn"]
[EventRounds "13"]
[EventCountry "POL"]
[SourceTitle "EXT 1997"]
[Source "ChessBase"]
[SourceDate "1996.11.15"]
[SourceVersion "1"]
[SourceVersionDate "1996.11.15"]
[SourceQuality "1"]

1. d4 Nf6 2. c4 e6 3. Nc3 d5 4. Bg5 c5 5. e3 cxd4 6. exd4 dxc4 7. Bxc4 Be7 8. Nf3 Nc6 9. 0-0 0-0 10. a3 a6 11. b4 b5 12. Bb3 Bb7 13. Qd3 Rc8 14. Rfd1 Nd5 15. Nxd5 Bxg5 16. Ne3 Qf6 17. Ng4 Qf4 18. Nge5 Nxe5 19. Nxe5 Be4 20. Qe2 Rc3 21. Nd3 Bxd3 22. Rxd3 Rxd3 23. Qxd3 1/2-1/2

[Event "POL-ch (Women)"]
[Site "Poland"]
[Date "1991.??.??"]
[Round "11"]
[White "Sosnowska, Elzbieta"]
[Black "Lissowska, Anna"]
[Result "0-1"]
[WhiteElo "2130"]
[BlackElo "2195"]
[PlyCount "80"]
[EventDate "1991.??.??"]
[EventType "tourn"]
[EventRounds "13"]
[EventCountry "POL"]
[SourceTitle "EXT 1997"]
[Source "ChessBase"]
[SourceDate "1996.11.15"]
[SourceVersion "1"]
[SourceVersionDate "1996.11.15"]
[SourceQuality "1"]

1. e4 e6 2. Nf3 d5 3. e5 c5 4. b4 cxb4 5. a3 Nc6 6. axb4 Bxb4 7. c3 Be7 8. d4 f6 9. exf6 Nxf6 10. Bd3 0-0 11. 0-0 Bd7 12. Qe2 Qc7 13. Re1 Bd6 14. Ba3 Rae8 15. Bxd6 Qxd6 16. Ne5 a6 17. Nd2 Qc7 18. f4 g6 19. Reb1 Nxe5 20. fxe5 Nh5 21. Qe3 Rc8 22. c4 Nf4 23. Bf1 dxc4 24. Bxc4 Bc6 25. Bf1 Bd5 26. Ne4 Bxe4 27. Qxe4 Nd5 28. Qg4 Qd7 29. g3 Ne3 30. Qe4 Nxf1 31. Rxf1 Rxf1+ 32. Rxf1 Rf8 33. Rb1 b5 34. Ra1 Qc7 35. Kg2 Qc4 36. Kh3 b4 37. Ra5 b3 38. Qb7 Qf1+ 39. Kh4 Qf2 40. Kh3 b2 0-1

[Event "POL-ch (Women)"]
[Site "Konin"]
[Date "1990.??.??"]
[Round "13"]
[White "Bos Swiecik, Iwona"]
[Black "Lissowska, Anna"]
[Result "1-0"]
[WhiteElo "2165"]
[BlackElo "2220"]
[PlyCount "89"]
[EventDate "1990.??.??"]
[EventType "tourn"]
[EventRounds "15"]
[EventCountry "POL"]
[SourceTitle "EXT 1999"]
[Source "ChessBase"]
[SourceDate "1998.11.16"]
[SourceVersion "1"]
[SourceVersionDate "1998.11.16"]
[SourceQuality "1"]

1. e4 e6 2. d4 d5 3. Nc3 Nf6 4. Bg5 Be7 5. e5 Nfd7 6. Bxe7 Qxe7 7. f4 0-0 8. Nf3 c5 9. Qd2 Nc6 10. dxc5 Qxc5 11. 0-0-0 Nb6 12. Bd3 Nc4 13. Bxc4 Qxc4 14. g3 b6 15. Qd3 Ba6 16. Qxc4 Bxc4 17. Rhe1 Rfc8 18. b3 Ba6 19. Kb2 Rc7 20. Nb1 Rac8 21. c3 Kf8 22. Re3 Ke7 23. Nd4 Nxd4 24. Rxd4 Bb5 25. Na3 Be8 26. Nc2 f6 27. exf6+ Kxf6 28. Rd2 Bg6 29. Nd4 Re7 30. Re5 Be4 31. Re2 a6 32. c4 h6 33. h4 g6 34. g4 Kf7 35. Re3 Rc5 36. Ne2 b5 37. Nc3 Bh1 38. cxd5 b4 39. dxe6+ Rxe6 40. Rxe6 bxc3+ 41. Kc2 Bf3 42. Re7+ Kf8 43. g5 hxg5 44. fxg5 Bg4 45. Re8+ 1-0

[Event "Warsaw Legion op"]
[Site "Warsaw"]
[Date "1990.??.??"]
[Round "?"]
[White "Lissowska, Anna"]
[Black "Deszczynski, Adam"]
[Result "1-0"]
[WhiteElo "2220"]
[BlackElo "2295"]
[PlyCount "80"]
[EventDate "1990.??.??"]
[EventType "swiss"]
[EventRounds "9"]
[EventCountry "POL"]
[SourceTitle "EXT 1997"]
[Source "ChessBase"]
[SourceDate "1996.11.15"]
[SourceVersion "1"]
[SourceVersionDate "1996.11.15"]
[SourceQuality "1"]

1. d4 Nf6 2. c4 e5 3. dxe5 Ng4 4. Bf4 Nc6 5. Nf3 Bb4+ 6. Nbd2 Qe7 7. a3 Ngxe5 8. Nxe5 Nxe5 9. e3 Bxd2+ 10. Qxd2 d6 11. Be2 0-0 12. 0-0 b6 13. Rac1 Bb7 14. b4 Nd7 15. Qb2 Bc6 16. Rfd1 f5 17. h3 a5 18. c5 bxc5 19. b5 Bb7 20. b6 Nxb6 21. Bxd6 cxd6 22. Qxb6 Rad8 23. Qxa5 f4 24. Rc3 Qf6 25. Rb3 Bxg2 26. Bc4+ d5 27. Kxg2 dxc4 28. Rxd8 f3+ 29. Kh2 Rxd8 30. Rb1 Qe5+ 31. Kh1 Rf8 32. Qb5 Qe4 33. Rc1 Qg6 34. Qxc4+ Kh8 35. Rg1 Qd6 36. Qc3 Qe7 37. Rg3 Rf6 38. Kh2 h6 39. a4 Qd6 40. e4 Qd1 1-0

[Event "POL-ch (Women)"]
[Site "Konin"]
[Date "1990.??.??"]
[Round "8"]
[White "Lissowska, Anna"]
[Black "Fornal, Agnieszka"]
[Result "1/2-1/2"]
[WhiteElo "2220"]
[BlackElo "2110"]
[PlyCount "52"]
[EventDate "1990.??.??"]
[EventType "tourn"]
[EventRounds "15"]
[EventCountry "POL"]
[SourceTitle "EXT 1999"]
[Source "ChessBase"]
[SourceDate "1998.11.16"]
[SourceVersion "1"]
[SourceVersionDate "1998.11.16"]
[SourceQuality "1"]

1. d4 d5 2. c4 c6 3. Nc3 Nf6 4. Nf3 dxc4 5. a4 Bf5 6. e3 e6 7. Bxc4 Bb4 8. 0-0 0-0 9. Nh4 Bg6 10. Nxg6 hxg6 11. Qe2 Nbd7 12. Rd1 Qa5 13. Bd2 Qh5 14. Qxh5 gxh5 15. f3 e5 16. Be1 exd4 17. exd4 Nb6 18. Bb3 a5 19. Bh4 Nfd5 20. Rac1 Rac8 21. Ne4 Rfe8 22. Kf2 Kh8 23. Nc5 Rc7 24. Rd3 f6 25. Kf1 Rce7 26. Bf2 g5 1/2-1/2

[Event "POL-ch (Women)"]
[Site "Konin"]
[Date "1990.??.??"]
[Round "3"]
[White "Lissowska, Anna"]
[Black "Jagodzinska, Joanna"]
[Result "1/2-1/2"]
[WhiteElo "2220"]
[BlackElo "2145"]
[PlyCount "80"]
[EventDate "1990.??.??"]
[EventType "tourn"]
[EventRounds "15"]
[EventCountry "POL"]
[SourceTitle "EXT 1999"]
[Source "ChessBase"]
[SourceDate "1998.11.16"]
[SourceVersion "1"]
[SourceVersionDate "1998.11.16"]
[SourceQuality "1"]

1. d4 Nf6 2. c4 c5 3. d5 e6 4. Nc3 exd5 5. cxd5 d6 6. e4 g6 7. Nf3 Bg7 8. Nd2 0-0 9. Be2 Re8 10. 0-0 Nbd7 11. a4 Ne5 12. f3 g5 13. Nc4 Nxc4 14. Bxc4 Nh5 15. Ne2 a6 16. g4 Nf4 17. Nxf4 gxf4 18. Qc2 Be5 19. Kg2 h5 20. h3 Qh4 21. Qf2 Qf6 22. Rh1 Bd7 23. a5 Kg7 24. Ra3 Rad8 25. Rb3 Bc8 26. Kf1 Rh8 27. g5 Qe7 28. Qh4 f6 29. Bxf4 Bxf4 30. Qxf4 fxg5 31. Qg3 h4 32. Qe1 Rhf8 33. Qc3+ Qf6 34. Kg2 Qxc3 35. Rxc3 Kf6 36. Kf2 Ke5 37. Ke3 Rf7 38. Be2 Bd7 39. Rb3 Bc8 40. Rb6 Rff8 1/2-1/2

[Event "POL-ch (Women)"]
[Site "Konin"]
[Date "1990.??.??"]
[Round "14"]
[White "Lissowska, Anna"]
[Black "Klusek, Danuta"]
[Result "1/2-1/2"]
[WhiteElo "2220"]
[BlackElo "2150"]
[PlyCount "73"]
[EventDate "1990.??.??"]
[EventType "tourn"]
[EventRounds "15"]
[EventCountry "POL"]
[SourceTitle "EXT 1999"]
[Source "ChessBase"]
[SourceDate "1998.11.16"]
[SourceVersion "1"]
[SourceVersionDate "1998.11.16"]
[SourceQuality "1"]

1. d4 d5 2. c4 e6 3. Nc3 Be7 4. Nf3 Nf6 5. cxd5 exd5 6. Bg5 c6 7. Qc2 Na6 8. a3 g6 9. e3 Bf5 10. Qb3 Qb6 11. Qxb6 axb6 12. Be2 0-0 13. Ne5 Rfe8 14. 0-0 Nc7 15. g4 Be6 16. Bf4 Rec8 17. Bg3 Nd7 18. Nd3 Ne8 19. Nf4 Nd6 20. f3 Nf8 21. e4 dxe4 22. fxe4 Bb3 23. d5 Nc4 24. Nd3 cxd5 25. Nxd5 Bd8 26. Rf2 Nd2 27. Nc3 Ne6 28. Nc1 Bg5 29. Nxb3 Nxb3 30. Raf1 Be3 31. Nd5 Bxf2+ 32. Rxf2 Rc1+ 33. Kg2 Ra5 34. Nf6+ Kg7 35. Ne8+ Kg8 36. Nf6+ Kg7 37. Ne8+ 1/2-1/2

[Event "Warsaw Legion op"]
[Site "Warsaw"]
[Date "1990.??.??"]
[Round "?"]
[White "Lissowska, Anna"]
[Black "Staniszewski, Piotr"]
[Result "0-1"]
[WhiteElo "2220"]
[BlackElo "2410"]
[PlyCount "52"]
[EventDate "1990.??.??"]
[EventType "swiss"]
[EventRounds "9"]
[EventCountry "POL"]
[SourceTitle "EXT 1997"]
[Source "ChessBase"]
[SourceDate "1996.11.15"]
[SourceVersion "1"]
[SourceVersionDate "1996.11.15"]
[SourceQuality "1"]

1. d4 Nf6 2. c4 e6 3. Nc3 d5 4. cxd5 exd5 5. Bg5 Be7 6. e3 Nbd7 7. Bd3 0-0 8. Qc2 b6 9. Nf3 Bb7 10. 0-0 h6 11. Bh4 c5 12. Rfe1 Re8 13. Rad1 c4 14. Bf1 a6 15. Nd2 b5 16. a3 Qb6 17. f3 a5 18. Bf2 b4 19. Ncb1 Bd6 20. e4 dxe4 21. fxe4 Ng4 22. Nxc4 Bxh2+ 23. Kh1 Qg6 24. Rd3 Rxe4 25. Ree3 Rf4 26. Rf3 Rxf3 0-1

[Event "POL-ch (Women)"]
[Site "Poznan"]
[Date "1989.??.??"]
[Round "8"]
[White "Lissowska, Anna"]
[Black "Nowicki, Eva"]
[Result "0-1"]
[WhiteElo "2145"]
[BlackElo "2160"]
[PlyCount "76"]
[EventDate "1989.??.??"]
[EventType "tourn"]
[EventRounds "15"]
[EventCountry "POL"]
[SourceTitle "EXT 1997"]
[Source "ChessBase"]
[SourceDate "1996.11.15"]
[SourceVersion "1"]
[SourceVersionDate "1996.11.15"]
[SourceQuality "1"]

1. d4 d5 2. c4 dxc4 3. e3 e6 4. Bxc4 Nf6 5. Nf3 c5 6. 0-0 a6 7. Bd3 Nbd7 8. Nc3 b5 9. a4 b4 10. Nb1 Bb7 11. Nbd2 a5 12. Bb5 cxd4 13. exd4 Bd6 14. Nc4 Bc7 15. Nce5 0-0 16. Nc6 Bxc6 17. Bxc6 Rc8 18. Bb5 h6 19. Qe2 Nd5 20. Ne5 N7f6 21. g3 Bb6 22. Rd1 Nc7 23. Nc6 Qd7 24. Nxa5 Nxb5 25. axb5 Ra8 26. Nb3 Qd5 27. Rxa8 Rxa8 28. Qd3 Rd8 29. Be3 Ng4 30. Nc1 Qh5 31. h4 g5 32. hxg5 hxg5 33. Kf1 Ne5 34. Qe4 Qxd1+ 35. Kg2 Ng6 36. Bxg5 Qxd4 37. Qf3 Rd5 38. Bf6 Qd2 0-1

[Event "Warsaw (Women)"]
[Site "Warsaw"]
[Date "1988.??.??"]
[Round "?"]
[White "Erenska Barlo, Hanna"]
[Black "Lissowska, Anna"]
[Result "1-0"]
[WhiteElo "2275"]
[BlackElo "2135"]
[PlyCount "61"]
[EventDate "1988.??.??"]
[EventType "tourn"]
[EventRounds "13"]
[EventCountry "POL"]
[SourceTitle "EXT 1999"]
[Source "ChessBase"]
[SourceDate "1998.11.16"]
[SourceVersion "1"]
[SourceVersionDate "1998.11.16"]
[SourceQuality "1"]

1. e4 d5 2. exd5 Nf6 3. d4 Nxd5 4. c4 Nb6 5. Nc3 e5 6. d5 c6 7. a3 Be7 8. Be3 cxd5 9. cxd5 0-0 10. Be2 Kh8 11. Nf3 e4 12. Ne5 Bf6 13. Bf4 N8d7 14. Nc4 Bxc3+ 15. bxc3 Qf6 16. Qd2 Nxd5 17. Bd6 Nxc3 18. Bxf8 e3 19. Bxg7+ Kxg7 20. Qxe3 Nxe2 21. Kxe2 b5 22. Nd2 Ba6 23. f4 Kf8 24. Ne4 Qe6 25. Kf2 Re8 26. Rhe1 Qh6 27. Qd4 Kg8 28. Ng3 Rd8 29. Rad1 Qh4 30. Kg1 Bb7 31. Nf5 1-0

[Event "Naleczow (Women)"]
[Site "Naleczow"]
[Date "1988.??.??"]
[Round "1"]
[White "Levitina, Irina S"]
[Black "Lissowska, Anna"]
[Result "1-0"]
[WhiteElo "2355"]
[BlackElo "2135"]
[PlyCount "63"]
[EventDate "1988.07.??"]
[EventType "tourn"]
[EventRounds "11"]
[EventCountry "POL"]
[SourceTitle "EXT 1997"]
[Source "ChessBase"]
[SourceDate "1996.11.15"]
[SourceVersion "1"]
[SourceVersionDate "1996.11.15"]
[SourceQuality "1"]

1. d4 d5 2. Nf3 Nf6 3. c4 c6 4. Nc3 a6 5. c5 Qc7 6. Bg5 Nbd7 7. e3 e5 8. Bxf6 gxf6 9. Nh4 f5 10. g3 f4 11. Bh3 Nf6 12. Bxc8 Rxc8 13. 0-0 Rg8 14. exf4 exf4 15. Qf3 Kd7 16. Ne2 Ne4 17. Qxf4 Qxf4 18. Nxf4 Be7 19. Nf3 Bf6 20. Nd3 Rce8 21. Kg2 Kc7 22. Rfe1 Re7 23. Re2 Rge8 24. Rae1 Kc8 25. Nf4 Kd8 26. h4 h6 27. Re3 Kd7 28. Nd3 Kc7 29. Nfe5 Rg8 30. Rf3 Bxh4 31. Nxf7 Bf6 32. Rxf6 1-0

[Event "Naleczow (Women)"]
[Site "Naleczow"]
[Date "1988.??.??"]
[Round "6"]
[White "Lissowska, Anna"]
[Black "Kasoshvili, Tsiala"]
[Result "0-1"]
[WhiteElo "2135"]
[BlackElo "2190"]
[PlyCount "43"]
[EventDate "1988.07.??"]
[EventType "tourn"]
[EventRounds "11"]
[EventCountry "POL"]
[SourceTitle "EXT 1997"]
[Source "ChessBase"]
[SourceDate "1996.11.15"]
[SourceVersion "1"]
[SourceVersionDate "1996.11.15"]
[SourceQuality "1"]

1. d4 d5 2. c4 dxc4 3. e3 Nf6 4. Bxc4 e6 5. Nf3 c5 6. 0-0 Nc6 7. Qe2 cxd4 8. Rd1 Bc5 9. exd4 Be7 10. Nc3 Nb4 11. Bg5 0-0 12. Rac1 a6 13. Ne5 b5 14. a3 bxc4 15. axb4 Qb6 16. Ne4 Nd5 17. Bxe7 Nxe7 18. Qxc4 Rb8 19. Qd3 f6 20. Rxc8 Rfxc8 21. Nd7 Qb5 22. Nxb8 0-1

[Event "Naleczow (Women)"]
[Site "Naleczow"]
[Date "1988.??.??"]
[Round "9"]
[White "Lissowska, Anna"]
[Black "Rzeczycka, Bozena"]
[Result "1/2-1/2"]
[WhiteElo "2135"]
[BlackElo "2095"]
[PlyCount "42"]
[EventDate "1988.07.??"]
[EventType "tourn"]
[EventRounds "11"]
[EventCountry "POL"]
[SourceTitle "EXT 1997"]
[Source "ChessBase"]
[SourceDate "1996.11.15"]
[SourceVersion "1"]
[SourceVersionDate "1996.11.15"]
[SourceQuality "1"]

1. d4 d5 2. c4 dxc4 3. e3 Nf6 4. Bxc4 e6 5. Nf3 a6 6. a4 c5 7. 0-0 Nc6 8. Qe2 Be7 9. Rd1 Qc7 10. Nc3 0-0 11. d5 exd5 12. Bxd5 Nb4 13. Bb3 Bg4 14. h3 Bh5 15. e4 Nc6 16. Be3 Rad8 17. Rxd8 Rxd8 18. Rd1 Rxd1+ 19. Qxd1 Ne5 20. Nd5 Nxf3+ 21. gxf3 Qd6 1/2-1/2

[Event "Naleczow (Women)"]
[Site "Naleczow"]
[Date "1988.??.??"]
[Round "3"]
[White "Szalai, I."]
[Black "Lissowska, Anna"]
[Result "1-0"]
[WhiteElo "2185"]
[BlackElo "2135"]
[PlyCount "105"]
[EventDate "1988.07.??"]
[EventType "tourn"]
[EventRounds "11"]
[EventCountry "POL"]
[SourceTitle "EXT 1997"]
[Source "ChessBase"]
[SourceDate "1996.11.15"]
[SourceVersion "1"]
[SourceVersionDate "1996.11.15"]
[SourceQuality "1"]

1. Nf3 d5 2. d4 c6 3. Nbd2 Nf6 4. e3 Bg4 5. Be2 Nbd7 6. b3 e6 7. Bb2 Be7 8. 0-0 0-0 9. Ne5 Bxe2 10. Qxe2 Nxe5 11. dxe5 Nd7 12. e4 Rc8 13. Rfd1 Qe8 14. exd5 cxd5 15. c4 Nb6 16. Bd4 f5 17. Bxb6 axb6 18. Rac1 Qd7 19. Nf3 Rfd8 20. Rc2 Rc5 21. Rcd2 Qc8 22. cxd5 Rdxd5 23. Rxd5 exd5 24. Nd4 g6 25. g3 Rc1 26. Kg2 Rxd1 27. Qxd1 Qc3 28. Nf3 Qc6 29. Qd4 Bc5 30. Qh4 d4 31. b4 Bxb4 32. Qxd4 Bc5 33. Qd8+ Kg7 34. h3 h6 35. g4 f4 36. g5 hxg5 37. Qxg5 Qe4 38. Qf6+ Kg8 39. e6 Bb4 40. Qe5 Qxe5 41. Nxe5 g5 42. Kf3 Kg7 43. Ke4 Kf6 44. Kd5 b5 45. f3 Ba3 46. Nf7 Be7 47. Nd6 Kg6 48. Nc8 Ba3 49. Nd6 Kf6 50. Nxb7 Ke7 51. Nc5 Kf6 52. Ne4+ Kg6 53. Nd6 1-0